<?xml version="1.0" encoding="UTF-8"?>
<record
    xmlns:xsi="http://www.w3.org/2001/XMLSchema-instance"
    xsi:schemaLocation="http://www.loc.gov/MARC21/slim http://www.loc.gov/standards/marcxml/schema/MARC21slim.xsd"
    xmlns="http://www.loc.gov/MARC21/slim">

  <leader>01109nam a22002897a 4500</leader>
  <controlfield tag="005">20260321064128.0</controlfield>
  <controlfield tag="008">160704b1998    ag ||||| |||| 00| 0 spa d</controlfield>
  <datafield tag="020" ind1=" " ind2=" ">
    <subfield code="a">99504605583</subfield>
  </datafield>
  <datafield tag="040" ind1=" " ind2=" ">
    <subfield code="a">AR-MoUNM</subfield>
  </datafield>
  <datafield tag="082" ind1="0" ind2=" ">
    <subfield code="2">20</subfield>
    <subfield code="a">982.06</subfield>
    <subfield code="b">HIS 673</subfield>
  </datafield>
  <datafield tag="245" ind1="0" ind2="0">
    <subfield code="a">Historia de la Argentina contempor&#xE1;nea / </subfield>
    <subfield code="c">Luciano de Privitellio ; Lucas J. Luchilo...[et al.]</subfield>
  </datafield>
  <datafield tag="246" ind1="1" ind2="0">
    <subfield code="a">Historia de la Argentina contempor&#xE1;nea :</subfield>
    <subfield code="b">desde la construcci&#xF3;n del mercado, el Estado y la naci&#xF3;n hasta nuestros d&#xED;as.</subfield>
  </datafield>
  <datafield tag="260" ind1=" " ind2=" ">
    <subfield code="a">Buenos Aires :</subfield>
    <subfield code="b">Santillana,</subfield>
    <subfield code="c">c1998.</subfield>
  </datafield>
  <datafield tag="300" ind1=" " ind2=" ">
    <subfield code="a">304 p. :</subfield>
    <subfield code="b">il. ;</subfield>
    <subfield code="c">28 cm.</subfield>
  </datafield>
  <datafield tag="490" ind1="0" ind2=" ">
    <subfield code="a">(Santillana polimodal)</subfield>
  </datafield>
  <datafield tag="504" ind1=" " ind2=" ">
    <subfield code="a">Incluye referencias bibliogr&#xE1;ficas.</subfield>
  </datafield>
  <datafield tag="650" ind1=" " ind2="7">
    <subfield code="a">ENSE&#xD1;ANZA DE LA HISTORIA</subfield>
    <subfield code="2">unescot</subfield>
    <subfield code="9">641</subfield>
  </datafield>
  <datafield tag="650" ind1=" " ind2="7">
    <subfield code="2">unescot</subfield>
    <subfield code="9">126</subfield>
    <subfield code="a">HISTORIA CONTEMPORANEA</subfield>
  </datafield>
  <datafield tag="650" ind1=" " ind2="7">
    <subfield code="a">ENSE&#xD1;ANZA SECUNDARIA</subfield>
    <subfield code="2">unescot</subfield>
    <subfield code="9">642</subfield>
  </datafield>
  <datafield tag="650" ind1=" " ind2="7">
    <subfield code="a">HISTORIA</subfield>
    <subfield code="2">unescot</subfield>
    <subfield code="z">ARGENTINA</subfield>
    <subfield code="9">478</subfield>
  </datafield>
  <datafield tag="700" ind1="1" ind2=" ">
    <subfield code="9">7189</subfield>
    <subfield code="a">Privitellio, Luciano de.</subfield>
  </datafield>
  <datafield tag="700" ind1="1" ind2=" ">
    <subfield code="9">9781</subfield>
    <subfield code="a">Luchilo, Lucas J.</subfield>
  </datafield>
  <datafield tag="700" ind1="1" ind2=" ">
    <subfield code="9">2378</subfield>
    <subfield code="a">Cattaruzza, Alejandro.</subfield>
  </datafield>
  <datafield tag="700" ind1="1" ind2=" ">
    <subfield code="9">9784</subfield>
    <subfield code="a">Paz, Gustavo L.</subfield>
  </datafield>
  <datafield tag="700" ind1="1" ind2=" ">
    <subfield code="9">9785</subfield>
    <subfield code="a">Rodr&#xED;guez, Claudia L.</subfield>
  </datafield>
  <datafield tag="942" ind1=" " ind2=" ">
    <subfield code="c">LIBRO</subfield>
  </datafield>
  <datafield tag="999" ind1=" " ind2=" ">
    <subfield code="c">6081</subfield>
    <subfield code="d">6082</subfield>
  </datafield>
  <datafield tag="952" ind1=" " ind2=" ">
    <subfield code="0">1</subfield>
    <subfield code="1">0</subfield>
    <subfield code="4">0</subfield>
    <subfield code="7">0</subfield>
    <subfield code="a">ESPUNM</subfield>
    <subfield code="b">ESPUNM</subfield>
    <subfield code="d">2016-07-06</subfield>
    <subfield code="i">6538</subfield>
    <subfield code="l">5</subfield>
    <subfield code="m">3</subfield>
    <subfield code="o">982.06 HIS 673</subfield>
    <subfield code="p">6538</subfield>
    <subfield code="r">2018-08-13 00:00:00</subfield>
    <subfield code="s">2018-08-03</subfield>
    <subfield code="t">Ej. C</subfield>
    <subfield code="w">2016-07-06</subfield>
    <subfield code="y">LIBRO</subfield>
    <subfield code="z">Separado para encuadernar. Hojas sueltas </subfield>
  </datafield>
</record>
